Пьесы: пер. с фр.; Только правда; Затворники Альтоны; Грязные руки

Dades bibliogràfiques
Autor principal: Сартр Ж. П. Жан Поль
Idioma:rus
Publicat: Москва, Гудьял-Пресс, 1999
TOC:Только правда;
Затворники Альтоны;
Грязные руки;
Col·lecció:Театр
Matèries:
Format: MixedMaterials Llibre
KOHA link:https://koha.lib.tpu.ru/cgi-bin/koha/opac-detail.pl?biblionumber=27927

MARC

LEADER 00000nam0a2200000 4500
001 27927
005 20231101205826.0
010 |a 5802600462 
035 |a (RuTPU)RU\TPU\book\28182 
035 |a BOOK00028257 
090 |a 27927 
100 |a 20011209d1999 m y0rusy50 ca 
101 1 |a rus  |c fre 
102 |a RU 
105 |a y z 000ay 
200 1 |a Пьесы  |e пер. с фр.  |f Ж. П. Сартр 
210 |a Москва  |c Гудьял-Пресс  |d 1999 
215 |a 526 с. 
225 1 |a Театр 
464 |t Только правда 
464 |t Затворники Альтоны 
464 |t Грязные руки 
610 1 |a пьесы 
675 |a 84  |v 3 
700 1 |a Сартр  |b Ж. П.  |c французский писатель  |c философ  |c публицист  |f 1905-1980  |g Жан Поль  |2 stltpui  |3 (RuTPU)RU\TPU\pers\1274  |9 569 
801 0 |a RU  |b 63413507  |c 20011209  |g PSBO 
801 2 |a RU  |b 63413507  |c 20051114  |g PSBO 
942 |c BK